000 00423nam a22001817a 4500
005 20200520140544.0
008 200520b xxu||||| |||| 00| 0 eng d
020 _a9789374736388
041 _aeng
082 _a610 ADE
100 _aADEUNE
_95624
245 _aTextbook of DMLT1'year (HINDI)
250 _a2'nd
260 _aDelhi
_bAITBS PUBLISHERS
_c2018
300 _a7.55
650 _aPharmacy
_95625
942 _cBK
999 _c6337
_d6335